000 00397nam a22001217a 4500
082 _a33.5
_bSHA
_cMCE, L-27, p-108
245 _aThe intelligent womans guide to socialism capitalism sovietism and fascism
_cShaw, Bernard
260 _aLondon
_bConstable and compnay
_c1928
300 _a529 p. :
_bill, ;
_c20 cm.
526 _a0
_b0
_c0
_d33_500000000000000_SHA
650 _aMCE
_9379
942 _2ddc
_cBK
999 _c542036
_d542036